| 000 | 00818nam a2200217 a 4500 | ||
|---|---|---|---|
| 001 | 020049 | ||
| 003 | BD-ChCU | ||
| 008 | Ben | ||
| 020 | _a৯৮৪৪১৫১৬১৯ | ||
| 040 |
_aDLC _cDLC _dBD-ChCU |
||
| 082 | 0 | 0 | _a১৯০/রাসে৪১পা |
| 100 | 1 |
_aরাসেল, বাটর্্রান্ড _b- |
|
| 245 | 1 | 0 |
_aপাশ্চাত্য দর্শনের ইতিহাস (পুস্তক ৩ঃ আধুনিক দর্শন. খন্ড-১ঃ রেনেসা থেকে হিউম) _b- |
| 250 | _a*** | ||
| 260 |
_aঢাকা _bঅবসর _c১৯৯১ |
||
| 300 | _a** | ||
| 504 | _aসম্বলিত Biblio- | ||
| 650 | 0 |
_aদর্শন, পাশ্চাত্য _bদর্শন |
|
| 700 | 1 | _a- | |
| 942 |
_2ddc _cBK |
||
| 999 |
_c20049 _d20049 |
||